[Event "5th Batumi Municipality Cup 2019"]
[Site "Batumi"]
[Date "2019.07.08"]
[Round "7.14"]
[White "Primbetov, Kazbek"]
[Black "Eynullayev, Atilla"]
[Result "1/2-1/2"]
[WhiteElo "2275"]
[BlackElo "2228"]
[Annotator "NA"]
[PlyCount "62"]
[EventDate "2019.07.04"]
[EventCountry "GEO"]
[SourceTitle "playchess.com"]
[Source "ChessBase"]
[SourceQuality "1"]

1. d4 Nf6 2. c4 g6 3. Nc3 d5 4. Bf4 Bg7 5. e3 O-O 6. cxd5 Nxd5 7. Nxd5 Qxd5 8. Bxc7 Na6 9. Bg3 e5 10. Nf3 exd4 11. Nxd4 Re8 12. Nb5 Qxd1+ 13. Rxd1 Bxb2 14. Be2 Be6 15. O-O Red8 16. Nd6 Nc5 17. Bf3 a5 18. Nxb7 Nxb7 19. Bxb7 Rxd1 20. Rxd1 Ra7 21. Bd5 Rd7 22. e4 a4 23. Kf1 Rd8 24. Ke2 Rc8 25. Rd2 a3 26. Bxe6 fxe6 27. Bd6 e5 28. g3 Rc4 29. f3 Kf7 30. Rd3 Rc2+ 31. Rd2 Rc4 1/2-1/2

[Event "5th Batumi Municipality Cup 2019"]
[Site "Batumi"]
[Date "2019.07.08"]
[Round "7.15"]
[White "Kutsanyan, Andranik"]
[Black "Quparadze, Giga"]
[Result "1-0"]
[WhiteElo "2223"]
[BlackElo "2499"]
[Annotator "ChessBase"]
[PlyCount "91"]
[EventDate "2019.07.04"]
[EventCountry "GEO"]
[SourceTitle "playchess.com"]
[Source "ChessBase"]
[SourceQuality "1"]

1. e4 c5 2. Nf3 e6 3. d4 cxd4 4. Nxd4 a6 5. Nc3 b5 6. Be2 Bb7 7. Bf3 b4 8. Na4 Nc6 9. Nb3 Ne5 10. Qd4 Nxf3+ 11. gxf3 Qf6 12. Qxf6 Nxf6 13. Na5 O-O-O 14. Bf4 d6 15. O-O-O e5 16. Nxb7 Kxb7 17. Bxe5 Be7 18. Bd4 Nh5 19. Nb6 f5 20. Nd5 Bg5+ 21. Be3 Bxe3+ 22. Nxe3 fxe4 23. fxe4 Rhf8 24. Rd2 Rf4 25. e5 Rdf8 26. exd6 Rxf2 27. Rxf2 Rxf2 28. Rd1 Kc8 29. d7+ Kd8 30. Nc4 Nf4 31. Ne5 Ne2+ 32. Kb1 Rf6 33. a3 Nf4 34. axb4 Ng6 35. Nxg6 Rxg6 36. c4 Rc6 37. b3 g5 38. Rd5 Rg6 39. Kc2 h5 40. Kd3 h4 41. h3 Rb6 42. c5 Rh6 43. Rxg5 Kxd7 44. Rg4 Kc6 45. Kc4 Kc7 46. b5 1-0

[Event "5th Batumi Municipality Cup 2019"]
[Site "Batumi"]
[Date "2019.07.08"]
[Round "7.16"]
[White "Atakishiyev, Elmar"]
[Black "Haussernot, Cecile"]
[Result "1-0"]
[WhiteElo "2302"]
[BlackElo "2178"]
[Annotator "NA"]
[PlyCount "53"]
[EventDate "2019.07.04"]
[EventCountry "GEO"]
[SourceTitle "playchess.com"]
[Source "ChessBase"]
[SourceQuality "1"]

1. e4 c5 2. Nf3 d6 3. d4 cxd4 4. Nxd4 Nf6 5. Nc3 a6 6. Bg5 e6 7. f4 h6 8. Bh4 Qb6 9. Qd2 Qxb2 10. Rb1 Qa3 11. e5 dxe5 12. fxe5 Nfd7 13. Ne4 Qxa2 14. Rd1 Qd5 15. Qe3 Qxe5 16. Be2 Nc6 17. Nxc6 bxc6 18. O-O Be7 19. Bxe7 Kxe7 20. Qa3+ c5 21. Nd6 f6 22. Rfe1 Qg5 23. Bf3 Rb8 24. h4 Qg6 25. Be4 Qh5 26. Qg3 Ne5 27. Qxg7+ 1-0

[Event "5th Batumi Municipality Cup 2019"]
[Site "Batumi"]
[Date "2019.07.08"]
[Round "7.17"]
[White "Poghosyan, Suren"]
[Black "Hajiyeva, Laman"]
[Result "1-0"]
[WhiteElo "2298"]
[BlackElo "2107"]
[Annotator "NA"]
[PlyCount "83"]
[EventDate "2019.07.04"]
[EventCountry "GEO"]
[SourceTitle "playchess.com"]
[Source "ChessBase"]
[SourceQuality "1"]

1. Nf3 d5 2. c4 e6 3. g3 Nf6 4. Bg2 Be7 5. O-O O-O 6. b3 b6 7. Bb2 Bb7 8. d3 c5 9. e3 Nbd7 10. Qe2 Rc8 11. Nc3 Qc7 12. Nh4 dxc4 13. bxc4 Rfd8 14. f4 Bxg2 15. Nxg2 Nf8 16. g4 Qb7 17. a4 Rc7 18. g5 Ne8 19. h4 Rcd7 20. Rfd1 a6 21. Rab1 Qc6 22. Ba1 Nd6 23. Qb2 f6 24. Qe2 Re8 25. Rb3 Bd8 26. Rdb1 fxg5 27. hxg5 Nf5 28. a5 bxa5 29. Ne4 Bc7 30. Qf3 Kh8 31. Qh3 Ng6 32. Kf2 Kg8 33. Qf3 Kf7 34. Rh1 a4 35. Ra3 Red8 36. Rxh7 Rxd3 37. Rxd3 Rxd3 38. Bxg7 Nxg7 39. f5 Bg3+ 40. Kxg3 Qc7+ 41. Kf2 Qe5 42. fxg6+ 1-0

[Event "5th Batumi Municipality Cup 2019"]
[Site "Batumi"]
[Date "2019.07.09"]
[Round "8.2"]
[White "Sargsyan, Shant"]
[Black "Aliyev, Ravan"]
[Result "1-0"]
[WhiteElo "2529"]
[BlackElo "2385"]
[Annotator "ChessBase"]
[PlyCount "53"]
[EventDate "2019.07.04"]
[EventCountry "GEO"]
[SourceTitle "playchess.com"]
[Source "ChessBase"]
[SourceQuality "1"]

1. d4 g6 2. e4 Bg7 3. Nc3 c6 4. Be3 d5 5. h3 dxe4 6. Nxe4 Nd7 7. c4 Ngf6 8. Nc3 O-O 9. Nf3 Qa5 10. Qc2 e5 11. Be2 Re8 12. O-O exd4 13. Nxd4 Qc7 14. Rad1 Nc5 15. Bf3 Ne6 16. b3 Qa5 17. Nxc6 bxc6 18. Bxc6 Bd7 19. Bxa8 Rxa8 20. Nd5 Nxd5 21. cxd5 Rc8 22. Qd2 Bc3 23. dxe6 Bxd2 24. exd7 Rc2 25. Rfe1 Kg7 26. Bd4+ Kh6 27. Re2 1-0

[Event "5th Batumi Municipality Cup 2019"]
[Site "Batumi"]
[Date "2019.07.09"]
[Round "8.3"]
[White "Pantsulaia, Levan"]
[Black "Barsov, Alexei"]
[Result "1-0"]
[WhiteElo "2612"]
[BlackElo "2397"]
[Annotator "RC"]
[PlyCount "65"]
[EventDate "2019.07.04"]
[EventCountry "GEO"]
[SourceTitle "playchess.com"]
[Source "ChessBase"]
[SourceQuality "1"]

1. c4 e6 2. g3 d5 3. Bg2 Nf6 4. Nf3 dxc4 5. Qa4+ Bd7 6. Qxc4 c5 7. Ne5 Qc8 8. Qd3 Nc6 9. Nxd7 Nxd7 10. Qb5 Nd4 11. Qa4 Be7 12. Nc3 O-O 13. d3 Nb6 14. Qd1 Qd7 15. O-O Rad8 16. b3 f5 17. Bb2 Nc8 18. Rc1 b6 19. Na4 Bf6 20. e3 Nc6 21. Bxf6 Rxf6 22. d4 Nb4 23. a3 Nd5 24. dxc5 Qe7 25. Qe2 bxc5 26. Nxc5 Ncb6 27. b4 Rff8 28. Rfd1 Qf6 29. Qa6 Nc3 30. Rxd8 Rxd8 31. Bf1 Rd2 32. Qxa7 Nbd5 33. Qd7 1-0

[Event "5th Batumi Municipality Cup 2019"]
[Site "Batumi"]
[Date "2019.07.09"]
[Round "8.4"]
[White "Maghalashvili, Davit"]
[Black "Lomsadze, Davit"]
[Result "1-0"]
[WhiteElo "2485"]
[BlackElo "2292"]
[Annotator "ChessBase"]
[PlyCount "57"]
[EventDate "2019.07.04"]
[EventCountry "GEO"]
[SourceTitle "playchess.com"]
[Source "ChessBase"]
[SourceQuality "1"]

1. Nf3 g6 2. c4 Bg7 3. d4 Nf6 4. g3 O-O 5. Bg2 d6 6. O-O Nc6 7. Nc3 e5 8. dxe5 Nxe5 9. Nxe5 dxe5 10. Qxd8 Rxd8 11. Bg5 Re8 12. Nb5 Re7 13. Rfd1 Be6 14. Bxb7 Rb8 15. Bg2 Bxc4 16. Nxa7 Ree8 17. b3 Bxe2 18. Rd2 Ba6 19. Nc6 Rbc8 20. a4 h6 21. Be3 Ng4 22. Bc5 Kh7 23. Rd7 e4 24. Rc1 e3 25. fxe3 Nxe3 26. Bf3 Nf5 27. Rxf7 Nd6 28. Rd7 Ne4 29. Bd4 1-0

[Event "5th Batumi Municipality Cup 2019"]
[Site "Batumi"]
[Date "2019.07.09"]
[Round "8.5"]
[White "Gharibyan, Mamikon"]
[Black "Garayev, Kanan"]
[Result "1-0"]
[WhiteElo "2350"]
[BlackElo "2351"]
[Annotator "NA"]
[PlyCount "123"]
[EventDate "2019.07.04"]
[EventCountry "GEO"]
[SourceTitle "playchess.com"]
[Source "ChessBase"]
[SourceQuality "1"]

1. d4 d5 2. Nf3 e6 3. c4 a6 4. e3 dxc4 5. Bxc4 c5 6. O-O Nf6 7. Qe2 Nc6 8. Rd1 b5 9. Bb3 cxd4 10. exd4 Be7 11. Nc3 Nd5 12. Nxd5 exd5 13. Ne5 Nxe5 14. Qxe5 O-O 15. Qxd5 Bg4 16. f3 Be6 17. Qxd8 Rfxd8 18. d5 Bf5 19. Be3 a5 20. Rac1 Bf6 21. Rd2 h5 22. Kf2 Rd7 23. Rc5 a4 24. Bd1 b4 25. Be2 b3 26. axb3 axb3 27. Bb5 Rdd8 28. Bc4 Bc2 29. Bd3 Rac8 30. Bxc2 Rxc5 31. Bxc5 bxc2 32. Rxc2 Rxd5 33. b4 Rd3 34. Re2 Rb3 35. Re3 Rb2+ 36. Re2 Rb3 37. f4 h4 38. Re3 Rb2+ 39. Kf3 Kh7 40. Re2 Rb1 41. Rc2 Bb2 42. Rc4 Ba3 43. f5 g5 44. fxg6+ Kxg6 45. Kg4 Rb2 46. Kh3 f5 47. Rxh4 Rb3+ 48. g3 Bc1 49. Rc4 Bg5 50. Rc2 f4 51. Kg4 fxg3 52. hxg3 Bf6 53. Re2 Bb2 54. Re3 Bc3 55. Kf3 Bxb4 56. Rxb3 Bxc5 57. Kg4 Bd4 58. Ra3 Be5 59. Ra6+ Kf7 60. Kf3 Bd4 61. Ke4 Bf2 62. g4 1-0

[Event "5th Batumi Municipality Cup 2019"]
[Site "Batumi"]
[Date "2019.07.09"]
[Round "8.6"]
[White "Nigalidze, Gaioz"]
[Black "Lortkipanidze, Nodar"]
[Result "1/2-1/2"]
[WhiteElo "2563"]
[BlackElo "2311"]
[Annotator "ChessBase"]
[PlyCount "126"]
[EventDate "2019.07.04"]
[EventCountry "GEO"]
[SourceTitle "playchess.com"]
[Source "ChessBase"]
[SourceQuality "1"]

1. Nf3 e6 2. g3 b6 3. Bg2 Bb7 4. O-O f5 5. d3 Nf6 6. Nbd2 Be7 7. e4 fxe4 8. Ng5 O-O 9. dxe4 Na6 10. b3 Nc5 11. Qe2 a5 12. Bb2 a4 13. c4 h6 14. Nh3 axb3 15. axb3 d6 16. e5 Bxg2 17. Kxg2 dxe5 18. Bxe5 Bd6 19. Bxf6 Qxf6 20. Rxa8 Rxa8 21. b4 Na4 22. Ne4 Qe5 23. f4 Qb2 24. Qxb2 Nxb2 25. c5 Bf8 26. Nhf2 Ra4 27. cxb6 cxb6 28. Rc1 Rxb4 29. Rc6 b5 30. Rxe6 Rd4 31. Rb6 b4 32. Rb8 Kf7 33. Kf3 Nc4 34. Ke2 Be7 35. Rb7 Ke8 36. g4 Kd8 37. g5 hxg5 38. fxg5 Na5 39. Rb8+ Kc7 40. Rg8 b3 41. Rxg7 b2 42. Nc3 Kd8 43. Rg8+ Kd7 44. g6 Rc4 45. g7 Rxc3 46. Rb8 Rc2+ 47. Kf3 Rc8 48. Rxc8 b1=Q 49. g8=Q Qb7+ 50. Ne4 Qxc8 51. Qd5+ Ke8 52. Qh5+ Kd7 53. Qf5+ Kd8 54. Qxa5+ Qc7 55. Qa2 Qc1 56. Qd5+ Ke8 57. Ng3 Qc3+ 58. Kf4 Qc1+ 59. Kg4 Qh6 60. Qb5+ Kf7 61. Qd5+ Qe6+ 62. Qxe6+ Kxe6 63. h4 Bxh4 1/2-1/2

[Event "5th Batumi Municipality Cup 2019"]
[Site "Batumi"]
[Date "2019.07.09"]
[Round "8.7"]
[White "Urazayev, Arystanbek"]
[Black "Mustafayev, Farid"]
[Result "1-0"]
[WhiteElo "2436"]
[BlackElo "2289"]
[Annotator "NA"]
[PlyCount "93"]
[EventDate "2019.07.04"]
[EventCountry "GEO"]
[SourceTitle "playchess.com"]
[Source "ChessBase"]
[SourceQuality "1"]

1. e4 c5 2. Nf3 d6 3. d4 cxd4 4. Qxd4 a6 5. c4 Nc6 6. Qe3 g6 7. Be2 Bg7 8. h3 Nf6 9. Nc3 O-O 10. O-O Be6 11. Rd1 Nd7 12. Bd2 Qb6 13. Qxb6 Nxb6 14. b3 Nd7 15. Rac1 Nc5 16. Ng5 Bd7 17. Nd5 a5 18. Be3 Rad8 19. Nxe7+ Nxe7 20. Rxd6 Nxe4 21. Nxe4 Nf5 22. Rdd1 Bc6 23. Rxd8 Rxd8 24. Bb6 Re8 25. f3 Bxe4 26. fxe4 Bd4+ 27. Bxd4 Nxd4 28. Bd3 Rd8 29. Rd1 Nc6 30. Bc2 Rxd1+ 31. Bxd1 Kg7 32. Kf2 Kf6 33. Ke3 Ke5 34. a3 b6 35. Kd3 h5 36. Kc3 Nd4 37. Bf3 Ne6 38. b4 axb4+ 39. Kxb4 Kd6 40. e5+ Kxe5 41. Kb5 Nc5 42. Kxb6 Kd4 43. Bd5 f6 44. Kb5 g5 45. a4 g4 46. hxg4 hxg4 47. a5 {Kxd5} 1-0

[Event "5th Batumi Municipality Cup 2019"]
[Site "Batumi"]
[Date "2019.07.09"]
[Round "8.8"]
[White "Sibashvili, Giorgi"]
[Black "Yeritsyan, Hayk"]
[Result "1/2-1/2"]
[WhiteElo "2389"]
[BlackElo "2210"]
[Annotator "NA"]
[PlyCount "46"]
[EventDate "2019.07.04"]
[EventCountry "GEO"]
[SourceTitle "playchess.com"]
[Source "ChessBase"]
[SourceQuality "1"]

1. d4 d5 2. c4 e6 3. Nf3 Nf6 4. g3 Be7 5. Bg2 O-O 6. O-O dxc4 7. Ne5 Nc6 8. Bxc6 bxc6 9. Nxc6 Qe8 10. Nxe7+ Qxe7 11. Na3 c5 12. dxc5 Qxc5 13. Be3 Qh5 14. f3 c3 15. bxc3 Qa5 16. Qc1 Ba6 17. c4 Rac8 18. Re1 Rfd8 19. Bxa7 Bxc4 20. Nxc4 Qxa7+ 21. Qe3 Qa6 22. Nb6 Rc6 23. Red1 Rdd6 1/2-1/2

[Event "5th Batumi Municipality Cup 2019"]
[Site "Batumi"]
[Date "2019.07.09"]
[Round "8.9"]
[White "Eynullayev, Altay"]
[Black "Morchiashvili, Bachana"]
[Result "1-0"]
[WhiteElo "2188"]
[BlackElo "2335"]
[Annotator "NA"]
[PlyCount "86"]
[EventDate "2019.07.04"]
[EventCountry "GEO"]
[SourceTitle "playchess.com"]
[Source "ChessBase"]
[SourceQuality "1"]

1. d4 Nf6 2. c4 g6 3. Nc3 Bg7 4. e4 O-O 5. Be2 d6 6. Be3 Nbd7 7. g4 c5 8. g5 Ne8 9. Nf3 f5 10. gxf6 Ndxf6 11. h3 cxd4 12. Nxd4 Nc7 13. Qd2 Ne6 14. O-O-O Nxd4 15. Bxd4 Be6 16. f4 Kh8 17. h4 Rc8 18. h5 gxh5 19. e5 dxe5 20. fxe5 Nd7 21. Rxh5 Rf5 22. Rxf5 Bxf5 23. e6 Bxe6 24. Bxg7+ Kxg7 25. Qd4+ Kf8 26. Qh8+ Bg8 27. Bg4 e6 28. Rf1+ Ke7 29. Qg7+ Kd6 30. Rd1+ Kc7 31. Nb5+ Kb6 32. Qd4+ Rc5 33. b4 Qg5+ 34. Kb1 h5 35. bxc5+ Nxc5 36. Be2 Bh7+ 37. Ka1 Qf5 38. Qd8+ Ka6 39. Rd6+ b6 40. Rxb6+ Ka5 41. Rb8+ Ka6 42. Nc7+ Ka5 43. Nd5+ Ka6 1-0

[Event "5th Batumi Municipality Cup 2019"]
[Site "Batumi"]
[Date "2019.07.09"]
[Round "8.10"]
[White "Sargissyan, Sargis"]
[Black "Chkhaidze, Nikoloz"]
[Result "1/2-1/2"]
[WhiteElo "2229"]
[BlackElo "2330"]
[Annotator "NA"]
[PlyCount "64"]
[EventDate "2019.07.04"]
[EventCountry "GEO"]
[SourceTitle "playchess.com"]
[Source "ChessBase"]
[SourceQuality "1"]

1. e4 e6 2. d4 d5 3. Nc3 Bb4 4. e5 b6 5. a3 Bf8 6. Bb5+ Bd7 7. Bd3 c5 8. f4 Ne7 9. Nf3 h5 10. f5 cxd4 11. fxe6 Bxe6 12. Nb5 Nf5 13. Bg5 Qc8 14. Nbxd4 Nxd4 15. Nxd4 Bc5 16. c3 Qc7 17. O-O Qxe5 18. Bf4 Bxd4+ 19. Kh1 Qf6 20. Bb5+ Nd7 21. cxd4 Qe7 22. Rc1 a6 23. Bc6 Rc8 24. Re1 O-O 25. Qxh5 Qf6 26. Be3 Rfe8 27. Rf1 Qe7 28. Bg5 Qd6 29. Bf4 Qe7 30. Bg5 Qd6 31. Ba4 Rxc1 32. Bxc1 Rc8 1/2-1/2

[Event "5th Batumi Municipality Cup 2019"]
[Site "Batumi"]
[Date "2019.07.09"]
[Round "8.11"]
[White "Manukyan, Sargis V."]
[Black "Mikadze, Miranda"]
[Result "1/2-1/2"]
[WhiteElo "2282"]
[BlackElo "2300"]
[Annotator "NA"]
[PlyCount "37"]
[EventDate "2019.07.04"]
[EventCountry "GEO"]
[SourceTitle "playchess.com"]
[Source "ChessBase"]
[SourceQuality "1"]

1. d4 d5 2. c4 c6 3. Nf3 Nf6 4. e3 e6 5. b3 Bb4+ 6. Nbd2 O-O 7. Bd3 dxc4 8. bxc4 c5 9. Bb2 cxd4 10. exd4 b6 11. O-O Bb7 12. Qb3 Be7 13. Rad1 Nbd7 14. Rfe1 Qc7 15. Bb1 Rfe8 16. Qc2 Qf4 17. Ne5 g6 18. Nf1 Rad8 19. Bc1 1/2-1/2

[Event "5th Batumi Municipality Cup 2019"]
[Site "Batumi"]
[Date "2019.07.09"]
[Round "8.12"]
[White "Babazada, Khazar"]
[Black "Kutsanyan, Andranik"]
[Result "1/2-1/2"]
[WhiteElo "2247"]
[BlackElo "2223"]
[Annotator "NA"]
[PlyCount "52"]
[EventDate "2019.07.04"]
[EventCountry "GEO"]
[SourceTitle "playchess.com"]
[Source "ChessBase"]
[SourceQuality "1"]

1. e4 e5 2. Nf3 Nc6 3. Bb5 g6 4. O-O Bg7 5. c3 a6 6. Ba4 d6 7. d4 Bd7 8. d5 Nce7 9. c4 h6 10. Nc3 f5 11. b4 Nf6 12. Nd2 O-O 13. f3 f4 14. c5 g5 15. Nc4 g4 16. Bxd7 Qxd7 17. fxg4 Nxg4 18. cxd6 cxd6 19. Nb6 Qc7 20. Nca4 Nf6 21. Nxa8 Rxa8 22. Qd3 b5 23. Nc3 Rc8 24. Na4 Ra8 25. Nc3 Rc8 26. Bd2 Qc4 1/2-1/2

[Event "5th Batumi Municipality Cup 2019"]
[Site "Batumi"]
[Date "2019.07.09"]
[Round "8.13"]
[White "Eynullayev, Atilla"]
[Black "Atakishiyev, Elmar"]
[Result "1-0"]
[WhiteElo "2228"]
[BlackElo "2302"]
[Annotator "NA"]
[PlyCount "101"]
[EventDate "2019.07.04"]
[EventCountry "GEO"]
[SourceTitle "playchess.com"]
[Source "ChessBase"]
[SourceQuality "1"]

1. e4 e6 2. d4 d5 3. e5 c5 4. c3 Nc6 5. Nf3 Bd7 6. a3 f6 7. Bd3 Qc7 8. O-O c4 9. Bc2 O-O-O 10. Qe2 Kb8 11. Nbd2 Rc8 12. b3 Na5 13. b4 Nc6 14. Re1 f5 15. Ng5 Nd8 16. h4 h6 17. Nh3 g6 18. a4 b6 19. b5 Be7 20. Nf3 Be8 21. Be3 Nb7 22. g3 Na5 23. Kg2 Qd7 24. Rh1 Bf7 25. Nf4 Bd8 26. Rab1 Rc7 27. Qd2 Be7 28. Ng1 Qe8 29. f3 Bd8 30. g4 fxg4 31. fxg4 Bxh4 32. Rxh4 g5 33. Nxd5 gxh4 34. Nxc7 Kxc7 35. Rf1 Ne7 36. Bxh6 Bg6 37. Bg5 Nd5 38. Nh3 Rg8 39. Rf3 Nb3 40. Qd1 Kb8 41. Qb1 Bxc2 42. Qxc2 Rg7 43. Kh2 Kb7 44. Bh6 Rd7 45. Rf8 Qe7 46. Qg6 Nc7 47. Qg8 a6 48. Rb8+ Ka7 49. Qc8 Na5 50. bxa6 Qh7 51. Rb7+ 1-0

[Event "5th Batumi Municipality Cup 2019"]
[Site "Batumi"]
[Date "2019.07.09"]
[Round "8.14"]
[White "Tereladze, Sopiko"]
[Black "Poghosyan, Suren"]
[Result "1/2-1/2"]
[WhiteElo "2144"]
[BlackElo "2298"]
[Annotator "NA"]
[PlyCount "45"]
[EventDate "2019.07.04"]
[EventCountry "GEO"]
[SourceTitle "playchess.com"]
[Source "ChessBase"]
[SourceQuality "1"]

1. e4 e6 2. d4 d5 3. Nd2 Nc6 4. Ngf3 Nf6 5. e5 Nd7 6. c3 f6 7. exf6 Qxf6 8. Be2 Bd6 9. O-O O-O 10. Re1 e5 11. dxe5 Ndxe5 12. Nf1 Be6 13. Bg5 Qg6 14. Bh4 Ng4 15. h3 Nf6 16. Bd3 Ne4 17. Bg3 Bc5 18. Qc2 Bxh3 19. Bxe4 dxe4 20. Qxe4 Qxe4 21. Rxe4 Bf5 22. Ree1 Bb6 23. Ne3 1/2-1/2

[Event "5th Batumi Municipality Cup 2019"]
[Site "Batumi"]
[Date "2019.07.09"]
[Round "8.15"]
[White "Akhvlediani, Irakli"]
[Black "Primbetov, Kazbek"]
[Result "1-0"]
[WhiteElo "2259"]
[BlackElo "2275"]
[Annotator "NA"]
[PlyCount "75"]
[EventDate "2019.07.04"]
[EventCountry "GEO"]
[SourceTitle "playchess.com"]
[Source "ChessBase"]
[SourceQuality "1"]

1. d4 d5 2. c4 c6 3. Nf3 Nf6 4. e3 g6 5. Nc3 Bg7 6. Bd3 O-O 7. O-O Bg4 8. h3 Bf5 9. Bxf5 gxf5 10. cxd5 cxd5 11. Qb3 b6 12. Ne5 e6 13. Bd2 Ne4 14. Nxe4 fxe4 15. Bb4 Re8 16. Rac1 Bxe5 17. dxe5 Nd7 18. Bd6 Qg5 19. Qc3 Rac8 20. Qxc8 Rxc8 21. Rxc8+ Kg7 22. Re8 h5 23. h4 Qf5 24. f4 d4 25. Rd8 dxe3 26. Rxd7 e2 27. Re1 Qxf4 28. Rxe2 Qc1+ 29. Kh2 Qf4+ 30. g3 Qf1 31. Rg2 e3 32. Rxa7 e2 33. Bb4 e1=Q 34. Bxe1 Qxe1 35. Rb7 Qa5 36. Rf2 Qxe5 37. Rbxf7+ Kg6 38. R2f6+ 1-0

[Event "5th Batumi Municipality Cup 2019"]
[Site "Batumi"]
[Date "2019.07.09"]
[Round "8.16"]
[White "Dolzhykova, Kateryna"]
[Black "Kusluvan, Yekaterina"]
[Result "1-0"]
[WhiteElo "2228"]
[BlackElo "2155"]
[Annotator "NA"]
[PlyCount "69"]
[EventDate "2019.07.04"]
[EventCountry "GEO"]
[SourceTitle "playchess.com"]
[Source "ChessBase"]
[SourceQuality "1"]

1. e4 e5 2. Nf3 Nc6 3. Bb5 Nge7 4. Nc3 g6 5. d4 exd4 6. Nd5 Nxd5 7. exd5 Qe7+ 8. Kf1 Ne5 9. Qxd4 Bg7 10. Bf4 f6 11. Re1 O-O 12. Nxe5 fxe5 13. Bxe5 Re8 14. f4 d6 15. Bxe8 dxe5 16. Ba4 Bg4 17. h3 Qh4 18. Qf2 Qh6 19. Kg1 Bf5 20. g4 Rf8 21. gxf5 Rxf5 22. Re4 exf4 23. Bd7 Rf8 24. Qf3 Bxb2 25. d6 Qg5+ 26. Kf1 Be5 27. dxc7 Bxc7 28. Be6+ Kg7 29. Qc3+ Kh6 30. Qxc7 f3 31. Rg1 Qc1+ 32. Kf2 Qd2+ 33. Kg3 f2 34. Rh4+ Kg5 35. Rh5+ 1-0

[Event "5th Batumi Municipality Cup 2019"]
[Site "Batumi"]
[Date "2019.07.09"]
[Round "8.17"]
[White "Haussernot, Cecile"]
[Black "Khachatryan, Anna"]
[Result "1-0"]
[WhiteElo "2178"]
[BlackElo "2027"]
[Annotator "NA"]
[PlyCount "85"]
[EventDate "2019.07.04"]
[EventCountry "GEO"]
[SourceTitle "playchess.com"]
[Source "ChessBase"]
[SourceQuality "1"]

1. e4 c5 2. Nc3 Nc6 3. g3 g6 4. Bg2 Bg7 5. Nge2 Rb8 6. f4 d6 7. O-O b5 8. d3 b4 9. Nd5 Nd4 10. Nxd4 cxd4 11. f5 e6 12. f6 Bf8 13. Nf4 Nxf6 14. Qf3 Bg7 15. Ne2 h6 16. Nxd4 Bd7 17. Ne2 O-O 18. Be3 a5 19. g4 e5 20. h3 Be6 21. d4 d5 22. dxe5 dxe4 23. Qf2 Nd7 24. Bxe4 Nxe5 25. Bc5 Re8 26. Rad1 Qc8 27. Bd6 Rb5 28. Nd4 Nxg4 29. hxg4 Bxg4 30. Nxb5 Bxd1 31. Qxf7+ Kh8 32. Qxg6 Qg4+ 33. Qxg4 Bxg4 34. Bg6 Re2 35. Bd3 Re8 36. Bc7 Bxb2 37. Bxa5 Rg8 38. Kf2 Bh3 39. Rh1 Rf8+ 40. Ke3 Bc8 41. Rxh6+ Kg7 42. Rg6+ Kf7 43. Nd6+ 1-0

[Event "5th Batumi Municipality Cup 2019"]
[Site "Batumi"]
[Date "2019.07.10"]
[Round "9.1"]
[White "Kekelidze, Mikheil"]
[Black "Sargsyan, Shant"]
[Result "1/2-1/2"]
[WhiteElo "2378"]
[BlackElo "2529"]
[Annotator "ChessBase"]
[PlyCount "49"]
[EventDate "2019.07.04"]
[EventCountry "GEO"]
[SourceTitle "playchess.com"]
[Source "ChessBase"]
[SourceQuality "1"]

1. e4 e5 2. Nf3 Nc6 3. Bb5 a6 4. Ba4 Nf6 5. d3 d6 6. c3 g6 7. O-O Bg7 8. Nbd2 O-O 9. Re1 Bd7 10. Nf1 Nh5 11. d4 Qe8 12. dxe5 Nxe5 13. Bxd7 Nxd7 14. Ne3 Nc5 15. Ng4 Qd7 16. Nd4 Rfe8 17. f3 Nf6 18. Nxf6+ Bxf6 19. Be3 Rad8 20. c4 c6 21. Rc1 Ne6 22. Nxe6 Qxe6 23. Qd2 h5 24. b3 Rd7 25. Rcd1 1/2-1/2

[Event "5th Batumi Municipality Cup 2019"]
[Site "Batumi"]
[Date "2019.07.10"]
[Round "9.2"]
[White "Maghalashvili, Davit"]
[Black "Gharibyan, Mamikon"]
[Result "1/2-1/2"]
[WhiteElo "2485"]
[BlackElo "2350"]
[Annotator "ChessBase"]
[PlyCount "37"]
[EventDate "2019.07.04"]
[EventCountry "GEO"]
[SourceTitle "playchess.com"]
[Source "ChessBase"]
[SourceQuality "1"]

1. Nf3 d5 2. g3 g6 3. Bg2 Bg7 4. d4 Nd7 5. O-O Ngf6 6. c4 dxc4 7. Na3 Nb6 8. Ne5 O-O 9. Naxc4 Ng4 10. Nxb6 axb6 11. Nf3 Nf6 12. Bf4 Bf5 13. Qc1 c6 14. Bh6 Be4 15. Bxg7 Kxg7 16. Rd1 Qd5 17. a3 Rfd8 18. Qc3 Qb5 19. Rd2 1/2-1/2

[Event "5th Batumi Municipality Cup 2019"]
[Site "Batumi"]
[Date "2019.07.10"]
[Round "9.3"]
[White "Sanikidze, Tornike"]
[Black "Urazayev, Arystanbek"]
[Result "1-0"]
[WhiteElo "2509"]
[BlackElo "2436"]
[Annotator "ChessBase"]
[PlyCount "65"]
[EventDate "2019.07.04"]
[EventCountry "GEO"]
[SourceTitle "playchess.com"]
[Source "ChessBase"]
[SourceQuality "1"]

1. d4 Nf6 2. c4 e6 3. Nf3 d5 4. Nc3 dxc4 5. e4 b5 6. e5 Nd5 7. Nxb5 Nb6 8. Nc3 Nc6 9. Be2 Be7 10. O-O Bb7 11. Be3 O-O 12. Na4 Na5 13. Rc1 Rc8 14. Bd2 Nc6 15. Be3 Na5 16. Bd2 Nc6 17. Nc5 Ba8 18. Be3 Qd5 19. Qd2 Rfd8 20. Rfd1 Bxc5 21. dxc5 Qe4 22. Qc3 Na4 23. Qa3 c3 24. bxc3 Nxe5 25. Rd4 Rxd4 26. cxd4 Ng4 27. Bd3 Qc6 28. Bc2 Nxe3 29. fxe3 e5 30. Bxa4 Qa6 31. c6 Rb8 32. Nxe5 Qe2 33. Qd3 1-0